[Event "Politiken Cup"]
[Site "Copenhagen"]
[Date "2006.07.28"]
[Round "7.69"]
[White "Stangeland, Karle"]
[Black "Strand, Haakon"]
[Result "1/2-1/2"]
[WhiteElo "1886"]
[BlackElo "2034"]
[PlyCount "22"]
[EventDate "2006.??.??"]

1. Nf3 Nf6 2. c4 Nc6 3. Nc3 e5 4. g3 d5 5. cxd5 Nxd5 6. d3 Be7 7. Bg2 Nb6 8. a4
a5 9. O-O Be6 10. Be3 Nd5 11. Bd2 O-O 1/2-1/2

[Event "Politiken Cup"]
[Site "Copenhagen"]
[Date "2006.07.28"]
[Round "7.70"]
[White "Thingstad, Even"]
[Black "Valla, Martin"]
[Result "0-1"]
[WhiteElo "1861"]
[BlackElo "2034"]
[PlyCount "112"]
[EventDate "2006.??.??"]

1. d4 d5 2. Nf3 Nf6 3. c4 dxc4 4. e3 e6 5. Bxc4 c5 6. O-O a6 7. Nc3 b5 8. Bd3
Bb7 9. Qe2 cxd4 10. Nxd4 Nbd7 11. b3 Bb4 12. Bb2 Rc8 13. Rac1 Qa5 14. Ne4 O-O
15. Nxf6+ Nxf6 16. Nc2 Bc3 17. Nd4 Rfd8 18. Rfd1 Bxb2 19. Qxb2 Rxc1 20. Qxc1
Rc8 21. Qb2 Qc7 22. Ne2 Qc6 23. f3 Qb6 24. Nd4 Nd5 25. Qf2 e5 26. Nf5 g6 27. e4
Qxf2+ 28. Kxf2 Nc3 29. Ne7+ Kf8 30. Nxc8 Nxd1+ 31. Ke2 Nc3+ 32. Kd2 Nxa2 33.
Nb6 Ke7 34. Bb1 Nb4 35. Kc3 a5 36. Nd5+ Bxd5 37. exd5 Kd6 38. g3 Nxd5+ 39. Kd3
Kc5 40. h3 a4 41. bxa4 bxa4 42. Kc2 Kd4 43. Kb2 f5 44. Ka3 e4 45. fxe4 fxe4 46.
Bc2 e3 47. Bd1 Nc3 48. Bf3 e2 49. Bxe2 Nxe2 50. Kxa4 Nxg3 51. Kb4 Ke3 52. Kc3
g5 53. Kc2 h5 54. Kd1 h4 55. Ke1 g4 56. hxg4 h3 0-1

[Event "Politiken Cup"]
[Site "Copenhagen"]
[Date "2006.07.28"]
[Round "7.72"]
[White "Pedersen, Bent O"]
[Black "Jacobsen, Maria Pitz"]
[Result "1-0"]
[WhiteElo "2027"]
[BlackElo "1848"]
[PlyCount "83"]
[EventDate "2006.??.??"]

1. e4 e5 2. Nf3 Nc6 3. Bc4 Bc5 4. O-O d6 5. c3 Bg4 6. d3 Nf6 7. Bg5 h6 8. Bh4
g5 9. Bg3 a6 10. Nbd2 Qd7 11. a4 h5 12. h4 d5 13. exd5 Nxd5 14. Qe1 O-O-O 15.
Nxe5 Nxe5 16. Qxe5 Rhe8 17. Qxd5 Qxd5 18. Bxd5 Rxd5 19. d4 Bd6 20. Bxd6 Rxd6
21. f3 Bf5 22. hxg5 Rde6 23. Rf2 Re2 24. Nc4 Re1+ 25. Rxe1 Rxe1+ 26. Kh2 Ra1
27. Ne3 Bd7 28. f4 Rxa4 29. f5 Be8 30. Kg3 Ra1 31. Nd5 Re1 32. Kf4 Kd8 33. Nf6
Rh1 34. Re2 Rf1+ 35. Kg3 Bd7 36. Nxd7 Kxd7 37. f6 Kd6 38. Re7 b6 39. Rxf7 c6
40. Re7 a5 41. Re3 Kd7 42. Rf3 1-0

[Event "Politiken Cup"]
[Site "Copenhagen"]
[Date "2006.07.28"]
[Round "7.73"]
[White "Christensen, Sofus Rønne"]
[Black "Preuss, Flemming"]
[Result "1/2-1/2"]
[WhiteElo "1652"]
[BlackElo "2023"]
[PlyCount "93"]
[EventDate "2006.??.??"]

1. e4 e5 2. Nc3 Nf6 3. f4 d5 4. fxe5 Nxe4 5. d3 Nxc3 6. bxc3 Be7 7. d4 O-O 8.
Nf3 f6 9. exf6 Bxf6 10. Be2 Nc6 11. O-O Bg4 12. Bf4 Re8 13. Rb1 Rb8 14. Qd2 a6
15. Bd3 b5 16. Ng5 Bxg5 17. Bxg5 Qd7 18. Qf2 h6 19. Qh4 Rf8 20. Bxh6 Bf5 21.
Bxf5 Rxf5 22. Rxf5 Qxf5 23. Rf1 Qg6 24. Bf4 Re8 25. Re1 Na5 26. Bxc7 Rxe1+ 27.
Qxe1 Nc4 28. Qf2 Qe4 29. Bf4 Na3 30. Bc1 Nxc2 31. Qd2 b4 32. cxb4 Nxd4 33. h3
Nc2 34. a3 d4 35. Bb2 d3 36. Qg5 Qe3+ 37. Qxe3 Nxe3 38. Bc3 Nc4 39. Kf2 Kf7 40.
a4 g6 41. b5 axb5 42. axb5 Ke6 43. h4 Kd5 44. g4 Ke4 45. h5 gxh5 46. gxh5 Kf5
47. h6 1/2-1/2

[Event "Politiken Cup"]
[Site "Copenhagen"]
[Date "2006.07.28"]
[Round "7.74"]
[White "Nielsen, Morten"]
[Black "Hansen, Johny"]
[Result "1-0"]
[WhiteElo "2019"]
[BlackElo "1494"]
[PlyCount "41"]
[EventDate "2006.??.??"]

1. e4 c5 2. f4 d6 3. c3 Nf6 4. e5 Nd5 5. d4 cxd4 6. cxd4 g6 7. Nc3 Nxc3 8. bxc3
Bg7 9. Bb5+ Nd7 10. Qe2 dxe5 11. fxe5 e6 12. Ba3 a6 13. Bd3 Nb6 14. Nf3 Nd5 15.
O-O Nxc3 16. Qf2 f5 17. exf6 Bxf6 18. Ne5 Nd5 19. Ng4 Be7 20. Ne5 Rf8 21. Qxf8+
1-0

[Event "Politiken Cup"]
[Site "Copenhagen"]
[Date "2006.07.28"]
[Round "7.75"]
[White "Holmen, Per Inge"]
[Black "Hansen, Jesper"]
[Result "1/2-1/2"]
[WhiteElo "1620"]
[BlackElo "2014"]
[PlyCount "23"]
[EventDate "2006.??.??"]

1. e4 c5 2. Nc3 Nc6 3. g3 g6 4. Bg2 Bg7 5. d3 d6 6. Be3 e6 7. Qd2 Rb8 8. f4
Nge7 9. Nf3 Nd4 10. O-O O-O 11. Rae1 Nec6 12. Nd1 1/2-1/2

[Event "Politiken Cup"]
[Site "Copenhagen"]
[Date "2006.07.28"]
[Round "7.76"]
[White "Christensen, Emilie Ellegaard"]
[Black "Dawson, Jeffery R"]
[Result "0-1"]
[WhiteElo "1509"]
[BlackElo "2009"]
[PlyCount "110"]
[EventDate "2006.??.??"]

1. d4 d5 2. c4 e6 3. Nc3 dxc4 4. e3 a6 5. a4 Nf6 6. Bxc4 Bb4 7. Nf3 b6 8. O-O
Bb7 9. Qe2 O-O 10. Rd1 Qe7 11. Na2 Bd6 12. b3 Nbd7 13. Bb2 Ne4 14. Nd2 Ndf6 15.
Nxe4 Nxe4 16. f3 Nf6 17. e4 Bf4 18. Nc3 Rfd8 19. Bc1 Bxc1 20. Raxc1 c6 21. Qf2
b5 22. Bf1 Qb4 23. axb5 axb5 24. d5 exd5 25. exd5 Nxd5 26. Nxd5 cxd5 27. Qb6
Rab8 28. Qxb5 Ba8 29. Qxb4 Rxb4 30. Rb1 Rdb8 31. Rdc1 g6 32. Kf2 Kg7 33. Rc3 d4
34. Rc4 Bd5 35. Rxb4 Rxb4 36. Bd3 Rxb3 37. Rxb3 Bxb3 38. f4 Kf6 39. g4 Ke6 40.
h4 Kd5 41. Ke2 Bc4 42. Kd2 Bxd3 43. Kxd3 Kc5 44. h5 Kd5 45. hxg6 hxg6 46. f5
gxf5 47. gxf5 Ke5 48. f6 Kd5 49. Kd2 Ke4 50. Ke2 Kf4 51. Kd2 Ke4 52. Ke2 Ke5
53. Kd3 Kd5 54. Kd2 Ke6 55. Kd3 Ke5 0-1

[Event "Politiken Cup"]
[Site "Copenhagen"]
[Date "2006.07.28"]
[Round "7.77"]
[White "Thomassen, Joachim"]
[Black "Tudvad, Mads"]
[Result "1-0"]
[WhiteElo "2006"]
[BlackElo "1493"]
[PlyCount "45"]
[EventDate "2006.??.??"]

1. e4 e6 2. d4 d5 3. Nc3 Bb4 4. e5 c5 5. a3 cxd4 6. axb4 dxc3 7. bxc3 Ne7 8. f4
Nbc6 9. Nf3 Bd7 10. Bd3 Rc8 11. Be3 a6 12. O-O Ng6 13. g3 Nce7 14. Bc5 Rxc5 15.
bxc5 Qc7 16. Kg2 Qxc5 17. Qb1 Qc7 18. Qb4 O-O 19. Rfb1 Rb8 20. Rxa6 Nc6 21. Qb6
Qc8 22. Ra3 Qe8 23. Qc7 1-0

[Event "Politiken Cup"]
[Site "Copenhagen"]
[Date "2006.07.28"]
[Round "7.78"]
[White "De Boer, Albert"]
[Black "Moller, Arne"]
[Result "1/2-1/2"]
[WhiteElo "2180"]
[BlackElo "1901"]
[PlyCount "48"]
[EventDate "2006.??.??"]

1. e4 c5 2. c3 d5 3. exd5 Qxd5 4. d4 Nc6 5. Nf3 Bg4 6. Be2 e6 7. c4 Qd7 8. d5
exd5 9. cxd5 Bxf3 10. Bxf3 Nd4 11. O-O Bd6 12. Re1+ Ne7 13. Be3 Nxf3+ 14. Qxf3
O-O 15. Nc3 Ng6 16. Rad1 Ne5 17. Qh5 Ng4 18. h3 Nf6 19. Qf3 Rae8 20. Bg5 Rxe1+
21. Rxe1 Re8 22. Rxe8+ Qxe8 23. Bf4 Qd7 24. Bxd6 Qxd6 1/2-1/2

[Event "Politiken Cup"]
[Site "Copenhagen"]
[Date "2006.07.28"]
[Round "7.79"]
[White "Rutherford, Elaine"]
[Black "Jensen, Paul Johan"]
[Result "1-0"]
[WhiteElo "2093"]
[BlackElo "1893"]
[PlyCount "63"]
[EventDate "2006.??.??"]

1. e4 d5 2. exd5 Nf6 3. Bb5+ Bd7 4. Be2 Nxd5 5. d4 Bf5 6. c4 Nf6 7. Nc3 e6 8.
Qb3 Qc8 9. Bf3 c6 10. Bf4 Be7 11. Nb5 Na6 12. Nd6+ Bxd6 13. Bxd6 Qd7 14. Be5
O-O-O 15. h3 Nc5 16. dxc5 Qd2+ 17. Kf1 Rd3 18. Bc3 Qh6 19. Be2 Ne4 20. Bxd3
Nxc5 21. Qa3 Bxd3+ 22. Ke1 Ne4 23. Qxa7 Qg6 24. Qa8+ Kc7 25. Qa5+ Kc8 26. Be5
Kd7 27. Qc7+ Ke8 28. Qc8+ Ke7 29. Qxb7+ Kd8 30. Qc7+ Ke8 31. Qxc6+ Kd8 32. Rd1
1-0

[Event "Politiken Cup"]
[Site "Copenhagen"]
[Date "2006.07.28"]
[Round "7.80"]
[White "Lauritsen, Martin Lee"]
[Black "Reppen, Ellisiv"]
[Result "1-0"]
[WhiteElo "2080"]
[BlackElo "1890"]
[PlyCount "60"]
[EventDate "2006.??.??"]

1. e4 c5 2. Nf3 Nc6 3. d4 cxd4 4. Nxd4 e5 5. Nb5 a6 6. Nd6+ Bxd6 7. Qxd6 Qf6 8.
Qd1 Qg6 9. Nc3 Nge7 10. h4 h5 11. Bg5 f6 12. Be3 d5 13. Nxd5 Nxd5 14. Qxd5 f5
15. Bc4 fxe4 16. O-O-O Bg4 17. Rdg1 Rd8 18. Qc5 Rc8 19. Bg5 Be6 20. Be2 Qf7 21.
Bd1 Bxa2 22. Re1 Qd5 23. Qa3 a5 24. Re2 Nb4 25. Rd2 Qc5 26. Be2 Rf8 27. Rhd1
Nd3+ 28. Bxd3 exd3 29. Qxa2 Rc6 30. Be3 Qb4 1-0

[Event "Politiken Cup"]
[Site "Copenhagen"]
[Date "2006.07.28"]
[Round "7.81"]
[White "Almer, Julia"]
[Black "Werner, Gert"]
[Result "1/2-1/2"]
[WhiteElo "1900"]
[BlackElo "2069"]
[PlyCount "65"]
[EventDate "2006.??.??"]

1. e4 g6 2. d4 d6 3. Nc3 c6 4. a4 Bg7 5. Nf3 Bg4 6. Be2 d5 7. Be3 Nf6 8. h3
Bxf3 9. Bxf3 dxe4 10. Nxe4 Nxe4 11. Bxe4 O-O 12. O-O Nd7 13. c3 e5 14. dxe5
Nxe5 15. Qb3 Qc7 16. Rad1 b6 17. Rd2 Rad8 18. Rfd1 Rxd2 19. Rxd2 Re8 20. Bb1
Rd8 21. Ba2 Rxd2 22. Bxd2 Qd7 23. Be3 c5 24. Bf4 c4 25. Qc2 Qd3 26. Bb1 Qd5 27.
Qd2 Nd3 28. Be3 f5 29. b3 f4 30. bxc4 fxe3 31. fxe3 Qe5 32. Qxd3 Qxc3 33. Qxc3
1/2-1/2

[Event "Politiken Cup"]
[Site "Copenhagen"]
[Date "2006.07.28"]
[Round "7.82"]
[White "Jensen, Søren Holm"]
[Black "Skjoldager, Flemming"]
[Result "1/2-1/2"]
[WhiteElo "1902"]
[BlackElo "2067"]
[PlyCount "59"]
[EventDate "2006.??.??"]

1. e4 c5 2. Nf3 e6 3. d4 cxd4 4. Nxd4 a6 5. Bd3 g6 6. O-O Bg7 7. Be3 Ne7 8. c4
Nbc6 9. Nxc6 bxc6 10. Nc3 d5 11. cxd5 cxd5 12. exd5 Nxd5 13. Be4 Nxe3 14. Qxd8+
Kxd8 15. fxe3 Ra7 16. Na4 Ke7 17. Rfd1 f5 18. Bf3 Bb7 19. Rac1 Bxf3 20. gxf3
Rb8 21. b3 Rbb7 22. Rc6 Rc7 23. Rdd6 Rxc6 24. Rxc6 a5 25. Nb2 Kf7 26. Nc4 Bf8
27. Nd6+ Kf6 28. f4 g5 29. Kf2 a4 30. Rc2 1/2-1/2

[Event "Politiken Cup"]
[Site "Copenhagen"]
[Date "2006.07.28"]
[Round "7.83"]
[White "Berstad, Joerund"]
[Black "Di Paolo, Marco"]
[Result "1/2-1/2"]
[WhiteElo "1883"]
[BlackElo "2060"]
[PlyCount "86"]
[EventDate "2006.??.??"]

1. e4 e6 2. d4 d5 3. Nc3 Bb4 4. e5 c5 5. a3 Bxc3+ 6. bxc3 Qc7 7. Qg4 f5 8. Qh5+
g6 9. Qd1 cxd4 10. Qxd4 Bd7 11. Nf3 Nc6 12. Qe3 Nge7 13. a4 Na5 14. Ba3 f4 15.
Qc5 Qxc5 16. Bxc5 b6 17. Ba3 Rf8 18. h4 Rc8 19. Kd2 Nc4+ 20. Bxc4 Rxc4 21. h5
Rf7 22. Ng5 Rf5 23. Nxh7 gxh5 24. Rxh5 Rxh5 25. Nf6+ Kd8 26. Nxh5 Rxa4 27.
Bxe7+ Kxe7 28. Rxa4 Bxa4 29. Nxf4 Bc6 30. g4 a5 31. g5 Kf7 32. g6+ Kg7 33.
Nxe6+ Kxg6 34. Nd4 Bd7 35. e6 Be8 36. f4 Kf6 37. f5 Bh5 38. Kc1 Be8 39. Kb2 Ke7
40. Kb3 b5 41. Kb2 Kf6 42. Kc1 Ke5 43. Kd2 Kf6 1/2-1/2

[Event "Politiken Cup"]
[Site "Copenhagen"]
[Date "2006.07.28"]
[Round "7.84"]
[White "Nielsen, Palle"]
[Black "Haugstad, Espen"]
[Result "1-0"]
[WhiteElo "1873"]
[BlackElo "2046"]
[PlyCount "79"]
[EventDate "2006.??.??"]

1. c4 e5 2. Nc3 Nf6 3. e4 Bc5 4. a3 a5 5. d3 O-O 6. Bd2 c6 7. h3 Qb6 8. Na4
Bxf2+ 9. Ke2 Qa7 10. Nf3 Nh5 11. c5 Bxc5 12. Nxc5 Qxc5 13. Qe1 d5 14. b4 Qd6
15. Qh4 Nf6 16. bxa5 Rd8 17. Ke1 Nbd7 18. Be2 dxe4 19. dxe4 Nf8 20. Bb4 Qc7 21.
Nd2 Ng6 22. Qg3 Nf4 23. Rf1 Nxe2 24. Kxe2 Nh5 25. Qc3 Nf4+ 26. Rxf4 exf4 27.
Rf1 Be6 28. Nf3 f6 29. Qc5 Qd7 30. Kf2 Qd3 31. Re1 Bf7 32. Qf5 Qc2+ 33. Re2 Qc1
34. h4 Rac8 35. Rd2 Bc4 36. Qxf4 Rxd2+ 37. Bxd2 Qxa3 38. g4 Qc5+ 39. Kg2 Rf8
40. Qc7 1-0

[Event "Politiken Cup"]
[Site "Copenhagen"]
[Date "2006.07.28"]
[Round "7.85"]
[White "Lindström, Per-Ove"]
[Black "Tandrup, Michael"]
[Result "0-1"]
[WhiteElo "1858"]
[BlackElo "2028"]
[PlyCount "66"]
[EventDate "2006.??.??"]

1. d4 d5 2. Nf3 Nf6 3. c4 e6 4. Nc3 c5 5. cxd5 exd5 6. g3 Nc6 7. Bg2 Be7 8. O-O
h6 9. dxc5 Bxc5 10. Bf4 O-O 11. Rc1 Be7 12. Ne5 Be6 13. Qa4 Qb6 14. Rfd1 Bc5
15. Nd3 Be7 16. h3 Rfd8 17. a3 d4 18. Nb5 Rac8 19. Nb4 Nxb4 20. axb4 Bd7 21.
Qxa7 Qxb5 22. Bxb7 Rxc1 23. Rxc1 Nd5 24. Bxd5 Qxd5 25. Qb6 Bxh3 26. f3 Bg5 27.
Rc5 Qe6 28. Qxe6 Bxe6 29. Bc7 Be3+ 30. Kf1 Rd5 31. Ra5 Rxa5 32. bxa5 Bc4 33.
Ke1 Kf8 0-1

[Event "Politiken Cup"]
[Site "Copenhagen"]
[Date "2006.07.28"]
[Round "7.86"]
[White "Andersen, Harry"]
[Black "Jacobsen, Per"]
[Result "1/2-1/2"]
[WhiteElo "1891"]
[BlackElo "1508"]
[PlyCount "147"]
[EventDate "2006.??.??"]

1. e4 Nf6 2. Nc3 d5 3. e5 d4 4. exf6 dxc3 5. fxg7 cxd2+ 6. Bxd2 Bxg7 7. c3 Nc6
8. Qb3 Ne5 9. Qc2 e6 10. O-O-O Qf6 11. f3 Bd7 12. Nh3 O-O-O 13. Bg5 Bh6 14.
Bxh6 Qxh6+ 15. Ng5 Qxg5+ 16. Kb1 Qg6 17. f4 Qxc2+ 18. Kxc2 Ng4 19. Re1 Rhg8 20.
h3 Nf6 21. g4 Nd5 22. Bc4 Nxf4 23. Ref1 Bc6 24. Rh2 Nd5 25. Rxf7 Ne3+ 26. Kb3
Nxc4 27. Kxc4 Bd5+ 28. Kb4 Bxa2 29. Rxh7 Bb1 30. Re7 Rge8 31. Rf7 e5 32. Re2 e4
33. Re3 Rd3 34. Re1 Bc2 35. g5 Rxh3 36. g6 e3 37. g7 Rh4+ 38. c4 Bh7 39. Rf8
Rhe4 40. Re2 b6 41. Kc3 c5 42. b3 Kd8 43. Rf7 R4e7 44. Rf8 Rxg7 45. Rxe8+ Kxe8
46. Rxe3+ Kd7 47. b4 cxb4+ 48. Kxb4 Kc6 49. Re6+ Kb7 50. Re5 Rc7 51. c5 a5+ 52.
Kc4 Bg8+ 53. Kb5 Rxc5+ 54. Rxc5 bxc5 55. Kxc5 Ka6 56. Kd4 a4 57. Kc3 Kb5 58.
Kb2 Kc4 59. Ka1 Kc3 60. Kb1 a3 61. Ka1 Bc4 62. Kb1 Kb4 63. Ka1 Bb3 64. Kb1 Kc3
65. Ka1 Kd2 66. Kb1 Kc3 67. Ka1 Kd2 68. Kb1 Kc3 69. Ka1 Bc2 70. Ka2 Kb4 71. Ka1
Ba4 72. Kb1 Kc3 73. Ka1 Kc2 74. Ka2 1/2-1/2

[Event "Politiken Cup"]
[Site "Copenhagen"]
[Date "2006.07.28"]
[Round "7.87"]
[White "Hansen, Morten Lyck"]
[Black "Jensen, Mads"]
[Result "1-0"]
[WhiteElo "2009"]
[BlackElo "1852"]
[PlyCount "137"]
[EventDate "2006.??.??"]

1. e4 e6 2. d4 d5 3. Nd2 c5 4. exd5 exd5 5. Ngf3 Nc6 6. dxc5 Bxc5 7. Nb3 Bb6 8.
Bd3 Nge7 9. O-O Bg4 10. Re1 Qd6 11. Bg5 f6 12. Bh4 O-O-O 13. a4 a6 14. a5 Ba7
15. Bg3 Ne5 16. Be2 Bxf3 17. Bxf3 Nxf3+ 18. Qxf3 Qd7 19. Rad1 Nc6 20. Rd2 Rhe8
21. Red1 Ne5 22. Qc3+ Qc6 23. Rxd5 Rxd5 24. Rxd5 Qxc3 25. bxc3 Ng4 26. Kf1 Bb8
27. Rc5+ Kd7 28. Bxb8 Rxb8 29. h3 Ne5 30. Rd5+ Ke6 31. Rc5 Kd7 32. f4 Nf7 33.
Rh5 h6 34. Rd5+ Ke7 35. c4 Rc8 36. c5 Nd8 37. c4 Ne6 38. g3 Rd8 39. Ke2 Nc7 40.
Rxd8 Kxd8 41. f5 Ke7 42. Ke3 Kf7 43. Ke4 g6 44. g4 gxf5+ 45. gxf5 Ke7 46. Nd4
Kd7 47. Kf4 Ne8 48. Ne6 Nc7 49. Nxc7 Kxc7 50. Kg4 Kc6 51. Kh5 Kxc5 52. Kxh6 b6
53. axb6 Kxb6 54. Kg7 a5 55. h4 a4 56. h5 a3 57. h6 a2 58. h7 a1=Q 59. h8=Q Kc7
60. Qh2+ Kc6 61. Qg2+ Kc7 62. Qd5 Qc3 63. c5 Qg3+ 64. Kf7 Qh4 65. Qd6+ Kb7 66.
c6+ Ka7 67. Qxf6 Qh7+ 68. Ke6 Qc7 69. Qe7 1-0

[Event "Politiken Cup"]
[Site "Copenhagen"]
[Date "2006.07.28"]
[Round "7.88"]
[White "Knudsen, Jes West"]
[Black "Bue, Gunnar"]
[Result "0-1"]
[WhiteElo "1999"]
[BlackElo "1843"]
[PlyCount "87"]
[EventDate "2006.??.??"]

1. e4 d6 2. d4 Nf6 3. Nc3 g6 4. Be2 Bg7 5. g4 Nc6 6. g5 Ng8 7. d5 Nb8 8. Be3 e5
9. dxe6 fxe6 10. Qd3 Ne7 11. h4 Nbc6 12. f4 Nb4 13. Qb5+ Nec6 14. O-O-O Bxc3
15. bxc3 Nxa2+ 16. Kb2 Nxc3 17. Kxc3 a6 18. Qb2 Qe7 19. Kd2 e5 20. h5 Bd7 21.
hxg6 O-O-O 22. g7 Qxg7 23. Rb1 b5 24. Bxb5 axb5 25. Qxb5 Be8 26. f5 Kd7 27. Qa6
Bf7 28. Rb7 Rb8 29. Nf3 Rxb7 30. Qxb7 Rb8 31. Qa6 Qg8 32. Qf1 Rb2 33. Qh3 Qb8
34. Ne1 Qb4+ 35. Kd1 Bc4 36. f6+ Kd8 37. Qxh7 Kc8 38. f7 Rb1+ 39. Bc1 Qb2 40.
Nd3 Bxd3 41. Qh3+ Kb7 42. Qxd3 Qxc1+ 43. Ke2 Qxh1 44. f8=Q 0-1

[Event "Politiken Cup"]
[Site "Copenhagen"]
[Date "2006.07.28"]
[Round "7.89"]
[White "Masters, Andrew D"]
[Black "Rasmussen, Morten"]
[Result "0-1"]
[WhiteElo "1764"]
[BlackElo "1976"]
[PlyCount "76"]
[EventDate "2006.??.??"]

1. d4 Nf6 2. Bg5 e6 3. e4 h6 4. Bxf6 Qxf6 5. c3 d5 6. e5 Qd8 7. f4 c5 8. Nf3
Nc6 9. a3 Qb6 10. b4 cxd4 11. cxd4 a6 12. Nc3 Bd7 13. Rc1 Rc8 14. Na4 Qc7 15.
Nc5 a5 16. Qd2 axb4 17. a4 Nxd4 18. Nxd4 Bxc5 19. Nb3 b6 20. a5 O-O 21. Ba6 Ra8
22. axb6 Qxb6 23. Nxc5 Bb5 24. Bxb5 Qxb5 25. Qd3 Qa5 26. O-O Rfd8 27. Nb3 Qb6+
28. Kh1 Rdb8 29. Qd2 Ra3 30. Qd4 Rxb3 31. Qxb6 Rxb6 32. Rc8+ Kh7 33. f5 Rc3 34.
Rf8 exf5 35. Rxf7 Kg6 36. R7xf5 Rc1 37. Rxc1 Kxf5 38. g4+ Kxe5 0-1

[Event "Politiken Cup"]
[Site "Copenhagen"]
[Date "2006.07.28"]
[Round "7.90"]
[White "Sjol, Henrik"]
[Black "Omarsson, Dadi"]
[Result "0-1"]
[WhiteElo "1966"]
[BlackElo "1830"]
[PlyCount "68"]
[EventDate "2006.??.??"]

1. d4 Nf6 2. Nf3 g6 3. c4 Bg7 4. Nc3 O-O 5. g3 d6 6. Bg2 Nbd7 7. O-O e5 8. dxe5
dxe5 9. Qc2 c6 10. b3 Qe7 11. Bb2 Nc5 12. e4 Rd8 13. Rad1 Bg4 14. h3 Bxf3 15.
Bxf3 Ne6 16. Ne2 Ng5 17. Bg2 Nd7 18. Nc3 Ne6 19. Ne2 Ndc5 20. Rxd8+ Rxd8 21.
Rd1 a5 22. f4 Rxd1+ 23. Qxd1 exf4 24. Bxg7 Nxg7 25. Nxf4 Nxe4 26. Bxe4 Qxe4 27.
Qd8+ Qe8 28. Qxa5 Qe3+ 29. Kg2 Nf5 30. Qd8+ Kg7 31. Qg5 Qd2+ 32. Kf3 Nd4+ 33.
Kg4 f5+ 34. Kh4 Nf3# 0-1

[Event "Politiken Cup"]
[Site "Copenhagen"]
[Date "2006.07.28"]
[Round "7.91"]
[White "Akdag, Dara"]
[Black "Larsen, Lars Møller"]
[Result "1-0"]
[WhiteElo "1958"]
[BlackElo "1737"]
[PlyCount "45"]
[EventDate "2006.??.??"]

1. d4 d5 2. c4 e6 3. Nc3 Nf6 4. cxd5 exd5 5. Bg5 Be7 6. Qc2 O-O 7. e3 Re8 8.
Bd3 h6 9. Bh4 c6 10. Nge2 Nbd7 11. O-O g5 12. Bg3 h5 13. f3 h4 14. Bf2 Bd6 15.
e4 dxe4 16. fxe4 Bc7 17. e5 Nd5 18. Nxd5 cxd5 19. Be3 Bb6 20. Bh7+ Kh8 21. Rxf7
Nxe5 22. Bg8 Rxg8 23. Rh7# 1-0

[Event "Politiken Cup"]
[Site "Copenhagen"]
[Date "2006.07.28"]
[Round "7.92"]
[White "Havik, Victor"]
[Black "Eliassen, Erik"]
[Result "1-0"]
[WhiteElo "1754"]
[BlackElo "1956"]
[PlyCount "55"]
[EventDate "2006.??.??"]

1. d4 c5 2. d5 f5 3. Nc3 Nf6 4. Bg5 Qb6 5. Qd2 h6 6. Bxf6 Qxf6 7. O-O-O a6 8.
f4 b5 9. e4 d6 10. Nf3 Nd7 11. exf5 Nb6 12. Ne4 Qxf5 13. Bd3 Qf7 14. Rhe1 Kd8
15. Kb1 g6 16. Nxc5 dxc5 17. Ne5 Qf6 18. Qa5 Kc7 19. a4 c4 20. Be4 Bg7 21. axb5
Bg4 22. bxa6 Bxd1 23. Rxd1 Ra7 24. Qc5+ Kb8 25. d6 Na4 26. Qb5+ Kc8 27. Bb7+
Kd8 28. Qd7# 1-0

[Event "Politiken Cup"]
[Site "Copenhagen"]
[Date "2006.07.28"]
[Round "7.94"]
[White "Fjellengen, Bård"]
[Black "Pieri, Enzo"]
[Result "1/2-1/2"]
[WhiteElo "1879"]
[BlackElo "1940"]
[PlyCount "72"]
[EventDate "2006.??.??"]

1. d4 d5 2. c4 e6 3. Nf3 Nf6 4. a3 Be7 5. Nc3 a6 6. Bf4 O-O 7. e3 Nc6 8. Rc1
Bd7 9. Bd3 h6 10. Ne5 Be8 11. Qf3 dxc4 12. Bxc4 Kh8 13. h4 Ng8 14. h5 Bg5 15.
Ne2 Qe7 16. Bd3 Nxe5 17. Bxe5 Bc6 18. Qg3 f5 19. Bxc7 Rae8 20. Bd6 f4 21. Bxf4
Qf6 22. Be5 Qf7 23. f4 Bf6 24. Qg4 Ne7 25. Bd6 Nf5 26. Bxf5 exf5 27. Qg3 Rg8
28. Bb4 Qb3 29. Bc3 Re4 30. d5 Bxc3+ 31. Rxc3 Qxd5 32. Kf2 Qd2 33. Rhc1 Rge8
34. R1c2 Qd1 35. Rc1 Qd2 36. R1c2 Qd1 1/2-1/2

[Event "Politiken Cup"]
[Site "Copenhagen"]
[Date "2006.07.28"]
[Round "7.95"]
[White "Martin, Katie"]
[Black "Al-Saad, Mofid"]
[Result "0-1"]
[WhiteElo "1939"]
[BlackElo "1822"]
[PlyCount "132"]
[EventDate "2006.??.??"]

1. e4 Nf6 2. e5 Nd5 3. c4 Nb6 4. d4 d6 5. exd6 cxd6 6. Nc3 g6 7. Be3 Bg7 8. Rc1
O-O 9. Nf3 Bg4 10. b3 Nc6 11. Be2 Nd7 12. O-O Nf6 13. h3 Bxf3 14. Bxf3 e6 15.
d5 exd5 16. Nxd5 Nxd5 17. Qxd5 Qc7 18. Rcd1 Be5 19. Be4 Rfe8 20. Rfe1 Rab8 21.
Bb1 Bc3 22. Rf1 Bb4 23. Bf4 Rbd8 24. Bg5 Rc8 25. Bf6 Re6 26. Ba1 Rce8 27. Qg5
Qe7 28. Qh6 Qf8 29. Qh4 Qe7 30. Qg3 Re2 31. f4 Qe3+ 32. Qxe3 R8xe3 33. Kh2 h5
34. f5 g5 35. Rd3 Ne5 36. Rxe3 Rxe3 37. Bd4 Re2 38. Bxa7 g4 39. hxg4 hxg4 40.
Rf2 g3+ 41. Kxg3 Be1 42. Bd4 f6 43. Bb6 Kf7 44. Bd4 Rd2 45. Bb6 Nd3 46. Bxd3
Rxd3+ 47. Kf4 Bxf2 48. Bxf2 Rd2 49. Be3 Rxg2 50. a3 Ra2 51. Bc1 Ra1 52. Bb2 Rb1
53. Bc3 Rxb3 54. Bb4 Ke7 55. Ke4 Kd7 56. c5 dxc5 57. Bxc5 b6 58. Bd4 b5 59.
Bxf6 Rxa3 60. Be5 Ra4+ 61. Kd5 Rc4 62. f6 Rc2 63. Ke4 Ke6 64. Bd4 b4 65. Kd3 b3
66. Bc3 Rg2 0-1

[Event "Politiken Cup"]
[Site "Copenhagen"]
[Date "2006.07.28"]
[Round "7.96"]
[White "Thingstad, Anders"]
[Black "Andersen, Dag"]
[Result "0-1"]
[WhiteElo "1301"]
[BlackElo "1910"]
[PlyCount "120"]
[EventDate "2006.??.??"]

1. d4 e6 2. c4 d5 3. Nc3 Nf6 4. Nf3 Be7 5. Bg5 Nbd7 6. e3 O-O 7. Bd3 c6 8. O-O
Re8 9. Qe2 Nf8 10. Ne5 N6d7 11. Bxe7 Qxe7 12. Nxd7 Bxd7 13. cxd5 exd5 14. Rac1
Rad8 15. Qf3 Ne6 16. Qg3 g6 17. Rfd1 Ng7 18. Na4 Bf5 19. Bxf5 Nxf5 20. Qf3 Rd6
21. Nc5 Rf6 22. Qg4 Rd8 23. Nd3 Nd6 24. Re1 Rf5 25. Qe2 Rh5 26. Nf4 Rh6 27. Qg4
Ne4 28. f3 f5 29. Nxd5 Rxd5 30. Qf4 g5 31. Qb8+ Rd8 32. Qe5 Qxe5 33. dxe5 Nd2
34. Red1 Rd5 35. b3 Re6 36. Kf2 g4 37. Ke1 gxf3 38. Rxd2 Rxd2 39. Kxd2 fxg2 40.
Rg1 Rg6 41. Ke2 Kf7 42. Kf3 Ke6 43. Rxg2 Rxg2 44. Kxg2 Kxe5 45. Kf3 a5 46. a3
b5 47. b4 axb4 48. axb4 c5 49. bxc5 Kd5 50. Ke2 Kxc5 51. Kd2 b4 52. Kc1 Kc4 53.
Kc2 b3+ 54. Kb2 Kd3 55. Kxb3 Kxe3 56. Kc2 Ke2 57. h4 f4 58. h5 f3 59. h6 f2 60.
Kb2 f1=Q 0-1

[Event "Politiken Cup"]
[Site "Copenhagen"]
[Date "2006.07.28"]
[Round "7.97"]
[White "Nielsen, Frode B"]
[Black "Bjarnasson, Larus H"]
[Result "1-0"]
[WhiteElo "2098"]
[BlackElo "1670"]
[PlyCount "35"]
[EventDate "2006.??.??"]

1. e4 c6 2. Nc3 d5 3. d3 d4 4. Nce2 e5 5. f4 f6 6. Nf3 Bd6 7. c3 c5 8. Qb3 Nc6
9. fxe5 Nxe5 10. cxd4 Nxf3+ 11. gxf3 Qc7 12. dxc5 Bxh2 13. Be3 Ne7 14. f4 g5
15. Rxh2 g4 16. Ng3 Ng6 17. Nh5 Ke7 18. d4 1-0

[Event "Politiken Cup"]
[Site "Copenhagen"]
[Date "2006.07.28"]
[Round "7.98"]
[White "Christensen, Jim L"]
[Black "Hayes, Stuart"]
[Result "1-0"]
[WhiteElo "1672"]
[BlackElo "2039"]
[PlyCount "72"]
[EventDate "2006.??.??"]

1. e4 c5 2. f4 d5 3. e5 Bf5 4. Nf3 e6 5. Nc3 Nc6 6. d3 h6 7. g3 Nge7 8. Bg2 d4
9. Ne4 Nd5 10. O-O Be7 11. Qe2 O-O 12. a3 Rb8 13. h3 b5 14. g4 Bh7 15. g5 c4
16. Nh4 cxd3 17. cxd3 Na5 18. Bd2 Nb3 19. Rad1 Nxd2 20. Rxd2 hxg5 21. fxg5 Bxg5
22. Nxg5 Qxg5 23. Nf3 Qg3 24. Nxd4 Nf4 25. Qf3 Nxh3+ 26. Kh1 Qh4 27. Qe3 Nf4+
28. Kg1 Nxg2 29. Rxg2 Rbd8 30. Rf4 Qh6 31. Qg3 Bxd3 32. Rh4 Qc1+ 33. Kh2 g5 34.
Qxd3 f5 35. exf6 Rxf6 36. Qh7+ Kf8 1-0

[Event "Politiken Cup"]
[Site "Copenhagen"]
[Date "2006.07.28"]
[Round "7.99"]
[White "Hyldkrog, Mikkel"]
[Black "Jensen, Soren"]
[Result "0-1"]
[WhiteElo "1660"]
[BlackElo "2028"]
[PlyCount "76"]
[EventDate "2006.??.??"]

1. c4 Nf6 2. Nc3 e6 3. e4 Nc6 4. Nf3 d5 5. d3 dxe4 6. dxe4 Qxd1+ 7. Kxd1 Ng4 8.
Ke2 Bc5 9. Na4 Nd4+ 10. Nxd4 Bxd4 11. f3 Nf2 12. Rg1 Nxe4 13. Be3 Bxe3 14. Kxe3
Bd7 15. Nb6 axb6 16. Kxe4 Ra5 17. b4 Ra3 18. Bd3 Ke7 19. Rgd1 Rha8 20. Rd2 Bc6+
21. Ke3 b5 22. Ke2 bxc4 23. Bxc4 Bd5 24. Bxd5 exd5 25. Rxd5 Rxa2+ 26. Rxa2
Rxa2+ 27. Rd2 Rxd2+ 28. Kxd2 Kd6 29. Kd3 Kd5 30. g4 g5 31. h3 h6 32. Ke3 Kc4
33. f4 Kxb4 34. fxg5 hxg5 35. Ke4 c5 36. Kf5 c4 37. Kxg5 c3 38. h4 c2 0-1